000
00265nam a22001097a 4500
082
_a
662.6 MOT'A
100
_a
AMERICAN PETROLEUM INSTITUTE
_9
74776
245
_a
MOTORS OIL GUIDE
260
_a
USA
_b
AMERICAN PETROLEUM INSTITUTE
_c
1976
300
_a
28P
942
_c
BK
999
_c
580276
_d
580276